Sanat - "Tuu tuu tupakkarulla" - Suomalainen kansanlaulu - Statistics

Yleistilastot
  • Tätä visaa on pelattu 29 kertaa
  • Keskiarvotulos 21 / 69
Vastaustilastot
Vastaus % Oikein
tänne
100%
tiesit
100%
tulla
100%
tupakkarulla
100%
Tuu
100%
tuu
100%
mistäs
96%
Mistäs
96%
tulin
88%
tietä
85%
pitkin
81%
Turun
77%
hämäläisten
73%
härkätietä
73%
portin
58%
portin
58%
portin
58%
meidän
50%
haka
46%
teidän
46%
näin
42%
tunsit
42%
alla
38%
päällä
38%
päällä
38%
uuden
38%
karhuntalja
35%
pyörä
31%
minä
23%
minä
23%
kun
15%
kun
15%
lasta
8%
Nuku
8%
nuku
8%
nuku
8%
nukutan
8%
nurmilintu
8%
pientä
8%
poika
8%
poika
8%
unen
8%
Uni
8%
västäräkki
8%
väsy
8%
väsy
8%
väsy
8%
väsytän
8%
kanna
4%
kätkyeessä
4%
kysyi
4%
onko
4%
onko
4%
päältä
4%
peitteiden
4%
porstuasta
4%
porstuasta
4%
sisässä
4%
uunin
4%
vakkasessa
4%
vaski
4%
näkymiset
0%
näppäele
0%
sillä
0%
silmät
0%
sivele
0%
tuokkosessa
0%
Tuoppa
0%
unta
0%
Ehtoja vastaavia visoja ei löytynyt
Tulosjakauma
Jokaisen tuloksen saaneiden osuus
Persentiili vastausten määrän mukaan
Tuloshistoriasi
Et ole pelannut tätä visaa